000 00607nam a22002177a 4500
003 UA-OsUOA
001 69501
007 ta
008 20100623b un ||||| |||| 00| 0 ukr d
100 _aШірінян Л.В.
090 _a330(477)
_bШ65
942 _cSA
040 _aUA-OsUOA
_bukr
_cUA-OsUOA
_dUA-OsUOA
245 _aОподаткування страхових компаній України
300 _aС.76-86
955 _a0
041 _aukr
080 _a330(477)
773 0 _w69492
_tФінанси України
_dК.
_d2010
_g5
650 7 _a330 Економіка взагалі
_2UDC
999 _c355754
_d355754